Vplyv inovácií na produktovú politiku

Produktová politika, jej nástroje a aktivity v kontexte s inovačnými trendmi doma a v zahraničí. Úspech produktovej politiky organizácie. Uvádzanie takých produktov na trh, ktoré uspokojujú potreby zákazníka lepšie ako konkurencia, alebo dokonca túto potrebu u zákazníkov ešte len vytvárajú.

Enregistré dans:
Détails bibliographiques
Auteur principal: Karkalíková, Marta
Format: Chapitre de livre
Langue:slovaque
Sujets:
Tags: Ajouter un tag
Pas de tags, Soyez le premier à ajouter un tag!

MARC

LEADER 00000nla a2200000 4500
001 0178972
005 20240502073035.6
041 0 |a slo 
044 |a SK 
245 1 0 |a Vplyv inovácií na produktovú politiku  |c Marta Karkalíková 
520 |a Produktová politika, jej nástroje a aktivity v kontexte s inovačnými trendmi doma a v zahraničí. Úspech produktovej politiky organizácie. Uvádzanie takých produktov na trh, ktoré uspokojujú potreby zákazníka lepšie ako konkurencia, alebo dokonca túto potrebu u zákazníkov ešte len vytvárajú. 
610 2 0 |a produkty 
610 2 0 |a inovácia výrobkov 
610 2 0 |a požiadavky na výrobky 
610 2 0 |a životnosť výrobkov 
610 2 0 |a kvalita tovaru 
610 2 0 |a stratégia obchodná 
100 1 |a Karkalíková, Marta